000 01675nam a2200229Ia 4500
003 Ost
005 20260507075710.0
008 260507s9999||||xx |||||||||||||| ||und||
020 _a9789961720868
040 _cfsecg
041 _aara
082 _a338.54
100 _aبن حمود، سكينة
_eمؤلف
245 0 _aأزمات النظام الرأسمالي و تفسيراتها :
_bحالة أزمة عام 2008 /
_c سكينة بن حمود
260 _aالجزائر:
_bدار الحديث للكتاب,
_c2014
300 _a201 صفحة؛
_bجداول
_c24 سم
504 _aمراجع ص.192
520 _aيتناول هذا الكتاب أسس ودعائم النظام الرأسمالي بداية بالأنظمة الاقتصادية ثم التيارات الأساسية التي ساهمت في بلورة علم الاقتصاد، مع الاشارة إلى ذكر نظام الحرية الاقتصادية التي يركز عليها عمل النظام الرأسمالي. كما أنه يتعرض إلى دراسة الأزمات التي مر بها النظام الرأسمالي بداية بالأزمة الاقتصادية الكبرى وما تلتها من أزمات القرن العشرين، هذه الأزمات لاقت الكثير من التفسير النظري والأكاديمي بداية بتفسير كينز ثم تفسير النقديين وتفسير غير النقديين.كما يتعرض هذا العمل إلى دراسة مستفيضة للأزمة المالية العالمية لسنة 2008.
653 _aالأزمات المالية
653 _aالرأسمالية
942 _cكتاب
999 _c45885
_d45885